Statystyki dla Rozpoznaj filmy z Samuelem. L Jacksonem!

Kliknij tutaj aby rozwiązać quiz!

Ogólne statystyki

  • Ten quiz został rozwiązany 71 razy
  • Średni wynik to 7 z 26

Statystyki odpowiedzi

OpisRokFilm z Jacksonem% Poprawnych
Szef agencji S.H.I.E.L.D.2008-2019MCU / Marvel / Avengers / Spider-Man / Iron Man / Kapitan Ameryka / Kapitan Marvel / Thor
88%
Gangster "Mmmm, this is a tasty burger!"1994Pulp Fiction
78%
Niezwykle wyuczony szermierz, który swoją techniką władania mieczem pokonał samego "Lorda" zła1999-2005Gwiezdne Wojny / Star Wars / Mroczne Widmo / Atak Klonów / Zemsta Sithów
73%
Oddany sługa frankofilskiego właściciela plantacji2012Django
66%
Major tak zwany "Bounty Hunter", uczestniczył w Wojnie Secesyjnej2015Nienawistna Ósemka
52%
Podpułkownik, który pragnie zabić wielką małpę2017Kong: Wyspa Czaszki
38%
Trener koszykarskiej drużyny, który zaczyna stosować kontrowersyjne metody2005Trener
38%
Zawodowy zabójca, który żeby ratować życie musi zacząć współpracować z pewnym ochroniarzem2017Bodyguard. Zawodowiec / Bodyguard
36%
Doktor, pomagał w założeniu pewnego słynnego parku, aż szkoda, że została po nim tylko ręka...1993Park Jurajski / Jurassic Park
36%
Policyjny negocjator, który zostaje oskrażony o zabójstwo kolegi1998Negocjator
34%
Agent FBI, który podejmuje walkę o życie paseżerów pewnego samolotu2006Węże w samolocie
28%
Handlarz broni, z charakterystyczną fryzurą1997Jackie Brown
23%
Fanatyk komiksów, który ma rzadką choroby łatwej łamliwości kości2000Niezniszczalny
23%
Detektyw, walczący samotnie z mordercą2000Shaft
23%
Dobry samarytanin, który musi zacząć pomagać policjantowi w ujęciu sprawcy1995Szklana Pułapka 3
22%
Dyrektor hotelu20071408
16%
Sierżant, który dostaje polecenie znalezienia i wyszkolenia pięciu gliniarzy do nowej jednostki2003S.W.A.T Jednostka Specjalna / SWAT
14%
Drobny złodziejaszek, który chciał okraść bar (bardzo mało znacząca rola Jacksona, tylko prawdziwy fan lub człowiek niezwykle spostrzegawczy będzie wiedział)1988Książę w Nowym Jorku
13%
Prezydent USA, który wraz z trzynastoletnim chłopcem próbują przetrwać w dziczy po tym jak zestrzelony zostaje AIR FORCE ONE2014Polowanie na prezydenta
9%
Sponsor, który finansuje badania nad rekinami1999Piekielna głębia
8%
Działacz ,,The Novak Element", który chce znieść prawo dotyczące użycia robotów2014RoboCop
6%
Przykładny obywatel, który poprzez stłuczkę na drodze, nie dociera do sądu, gdzie miała rozgrywać się sprawa opieki nad córką2002Zmiana pasa
6%
Wraz z innym towarzyszem broni walczy o sprawiedliwość przed sądem wojskowym2000Regulamin zabijania
5%
Jeden z pierwszych afrykańskich bankierów na terenie USA, który mimo swojego koloru skóry walczył o swoje2020The Banker
5%
Tajniak, który wraz z inną agentką musi odnaleźć w ciągu 2 dni bomby podłożone przez terrorystę2010Bez reguł
3%
Prywatny detektyw, który zostaje poproszony o pomoc przez pewną kobietę, która jest ścigana przez armię rządowych renegatów1996Długi pocałunek na dobranoc
3%

Rozkład punktacji

Percentyl według liczby udzielonych odpowiedzi

Procent ludzi z każdym wynikiem

Twoja historia wyników

Nie rozwiązałeś tego quizu